| 000 | 07177cam a2201249 4500 | ||
|---|---|---|---|
| 999 |
_c371270 _d371270 |
||
| 001 | 786218754 | ||
| 003 | DE-627 | ||
| 005 | 20220104134902.0 | ||
| 007 | tu | ||
| 008 | 140521s2015 gw ||||| 10| ||ger c | ||
| 015 |
_a14,N21 _2dnb |
||
| 015 |
_a16,A01 _2dnb |
||
| 016 | 7 |
_a105094478X _2DE-101 |
|
| 020 |
_a3412223816 _c : Festeinband : ca. EUR 39.90 (DE), ca. EUR 41.10 (AT), ca. sfr 53.90 (freier Pr.) |
||
| 020 |
_a9783412223816 _c : Festeinband : ca. EUR 39.90 (DE), ca. EUR 41.10 (AT), ca. sfr 53.90 (freier Pr.) |
||
| 024 | 3 | _a9783412223816 | |
| 035 | _a(DE-627)786218754 | ||
| 035 | _a(DE-576)415376033 | ||
| 035 | _a(DE-599)DNB105094478X | ||
| 035 | _a(OCoLC)880393257 | ||
| 035 | _a(OCoLC)880393257 | ||
| 035 | _a(DE-101)105094478X | ||
| 040 |
_aDE-627 _bger _cDE-627 _erda _dDE-2950 |
||
| 041 |
_ager _aeng |
||
| 044 |
_cXA-DE-NW _cXA-AT |
||
| 050 | 0 | _aHT169.G33 | |
| 082 | 0 |
_a711.0943 _222/ger |
|
| 082 | 0 |
_a710 _a300 _223sdnb |
|
| 082 | 0 | _a943 | |
| 082 | 0 | 4 |
_a710 _a300 _qDNB |
| 082 | 0 | 4 | _a943 |
| 084 |
_a8,1 _2ssgn |
||
| 084 |
_aZH 9010 _2rvk _0(DE-625)rvk/156294:1561 |
||
| 084 |
_aZH 4748 _qBVB _2rvk _0(DE-625)rvk/156163: |
||
| 084 |
_aNR 1800 _qBVB _2rvk _0(DE-625)rvk/129177: |
||
| 084 |
_aZH 9305 _qBVB _2rvk _0(DE-625)rvk/156305: |
||
| 084 |
_aLK 79550 _qBVB _2rvk _0(DE-625)rvk/98279: |
||
| 084 |
_aNQ 5975 _qBVB _2rvk _0(DE-625)rvk/128674: |
||
| 084 |
_aNR 1830 _2rvk _0(DE-625)rvk/129180: |
||
| 084 |
_a15.43 _2bkl |
||
| 084 |
_a74.12 _2bkl |
||
| 084 |
_a74.72 _2bkl |
||
| 084 |
_a15.38 _2bkl |
||
| 090 | _aa | ||
| 111 | 2 |
_aInstitut für Vergleichende Städtegeschichte _eFrühjahrskolloquium _n43. _d2013 _cMünster (Westf) _jVerfasserIn _0(DE-588)108020556X _0(DE-627)84397379X _0(DE-576)453402208 _4aut |
|
| 245 | 1 | 0 |
_aGedachte Stadt - gebaute Stadt : _bUrbanität in der deutsch-deutschen Systemkonkurrenz 1945-1990 / _cherausgegeben von Thomas Großbölting und Rüdiger Schmidt ; 43. Frühjahrskolloquium des Instituts für Vergleichende Städtegeschichte in Münster. |
| 264 | 1 |
_aKöln; _aWien; _aWeimar: _bBöhlau Verlag, _c2015. |
|
| 300 |
_aXXVI, 345 Seiten: _bIllustrationen, Diagramme. _c24 cm |
||
| 336 |
_aText _btxt _2rdacontent |
||
| 337 |
_aohne Hilfsmittel zu benutzen _bn _2rdamedia |
||
| 338 |
_aBand _bnc _2rdacarrier |
||
| 490 | 1 |
_aStädteforschung _aReihe A, Darstellungen; _vBand 94 |
|
| 500 | _a"Der vorliegende Band basiert auf den Beiträgen und Diskussionen des 43. Frühjahrskolloquiums des Instituts für Vergleichende Städtegeschichte in Münster" - Vorwort | ||
| 505 | 8 | 0 |
_tGedachte Stadt - Gebaute Stadt : Urbanität in der deutsch-deutschen Systemkonkurrenz 1945-1990 - Einleitung _rThomas Grossbölting & Rüdiger Schmidt |
| 505 | 8 | 0 |
_tLiess der Sozialismus Raum für Urbanität? Grundsätze, Leitbilder, Institutionen und Resultate im Städtebau der DDR (1945-1989) _rFrank Betker |
| 505 | 8 | 0 |
_tDer Osten im Westen? Bundesrepublikanische Praktiken urbanen Planens und Bauens in Abgrenzung und in Verflechtung zur DDR _rThomas Grossbölting |
| 505 | 8 | 0 |
_tMagdeburg - Repräsentation im Wiederaufbau _rRüdiger Schmidt |
| 505 | 8 | 0 |
_t"Treffpunkt Zukunft" : Urbanität als Imagepolitik in der niedersächsischen Landeshauptstadt Hannover der 1960er und 1970er Jahre _rLu Seegers |
| 505 | 8 | 0 |
_tZwischen Planungseuphorie und Zukunftsverlust : Städtebau in Ost und West am Beispiel von Halle-Neustadt und Wulfen (1960-1983) _rLena Kuhl |
| 505 | 8 | 0 |
_tZwischen Planungseuphorie und Pragmatismus : Städtebauliche Praxis in Braunschweig in der Nachkriegszeit _rThomas Tippach |
| 505 | 8 | 0 |
_tNation mit "Bundesdorf" : Bonn und Berlin als Hauptstadt _rDominik Geppert |
| 505 | 8 | 0 |
_tWie zusammengewachsen ist, was zusammengehört(e) : Berlin und die Überwindung der städtebaulichen Teilung _rHarald Bodenschatz |
| 505 | 8 | 0 |
_tNarrative der Teilung - Rituale der Vereinigung : Die "Systemkonkurrenz" als Referenzpunkt im Prozess der Refiguration Berlins nach 1990 _rBeate Binder |
| 505 | 8 | 0 |
_tBerlin in Postwar Films, 1945-1965 _rMonica Riera |
| 505 | 8 | 0 |
_tDie sozialistische Stadt zwischen Herrschaft, Partizipation und Aneignung _rChristoph Bernhardt |
| 505 | 8 | 0 |
_tSoziale Utopien - prekäre Viertel - problematische Menschen? Perzeptionen urbaner Segregation im geteilten Deutschland _rChristoph Lorke |
| 505 | 8 | 0 |
_t"Absentee Landlords" - oder - Gehören die Städte im Osten ihren Bewohnern? Städtische Eigentumsverhältnisse I 1/2 Dekaden nach dem Beitritt _rThomas S. Carhart. |
| 546 | _aBeiträge überwiegend in deutscher Sprache, ein Beitrag in englisch | ||
| 650 | 0 |
_aCity planning _zGermany _xHistory _y20th century |
|
| 650 | 0 |
_aCity planning _zGermany (East) _xHistory _y20th century |
|
| 650 | 0 |
_aUrbanization _zGermany _xHistory _y20th century |
|
| 650 | 0 |
_aUrbanization _zGermany (East) _xHistory _y20th century |
|
| 650 | 4 | _aGeschichte 1945-1990 | |
| 650 | 4 | _aKongreß | |
| 650 | 4 | _aDeutschland <Bundesrepublik> | |
| 650 | 4 | _aDeutschland <DDR> | |
| 650 | 4 | _aStadt | |
| 650 | 4 | _aStadtplanung | |
| 650 | 4 | _aStädtebau | |
| 650 | 4 | _aPolitische Identität | |
| 655 | 7 |
_aKonferenzschrift _y2013 _zMünster (Westf) _0(DE-588)1071861417 _0(DE-627)826484824 _0(DE-576)433375485 _2gnd-content |
|
| 951 | _aBO | ||
| 700 | 1 |
_aGroßbölting, Thomas _d1969- _eHerausgeberIn _0(DE-588)115379428 _0(DE-627)557946905 _0(DE-576)177173572 _4edt |
|
| 700 | 1 |
_aSchmidt, Rüdiger _eHerausgeberIn _0(DE-588)131811215 _0(DE-627)514271310 _0(DE-576)298767902 _4edt |
|
| 776 | 1 | _z9783412217709 | |
| 776 | 0 | 8 |
_iErscheint auch als _nOnline-Ausgabe _aInstitut für Vergleichende Städtegeschichte (43. : 2013 : Münster (Westf)) _tGedachte Stadt - gebaute Stadt _dKöln : Böhlau Verlag, 2015 _h1 Online-Ressource (XXVI, 345 Seiten) _w(DE-627)860384330 _w(DE-576)455535795 _z9783412217709 |
| 776 | 0 | 8 |
_iErscheint auch als _nOnline-Ausgabe _tGedachte Stadt - Gebaute Stadt _dKöln : Böhlau Verlag, 2015 _h1 Online-Ressource (376 Seiten) _w(DE-627)870447815 _z9783412217709 |
| 830 | 0 |
_aStädteforschung / A _vBand 94 _994 _w(DE-627)130159506 _w(DE-576)015701735 _w(DE-600)517592-6 _x2748-4564 |
|
| 856 | 4 | 2 |
_uhttp://www.gbv.de/dms/weimar/toc/786218754_toc.pdf _mV:DE-601 _mB:DE-Wim2 _qapplication/pdf _yInhaltsverzeichnis _3Inhaltsverzeichnis |
| 856 | 4 | 2 |
_uhttp://d-nb.info/105094478X/04 _mB:DE-101 _qapplication/pdf _v2016-02-22 _3Inhaltsverzeichnis |
| 856 | 4 | 2 |
_uhttp://deposit.d-nb.de/cgi-bin/dokserv?id=4663903&prov=M&dok_var=1&dok_ext=htm _mX: MVB _qtext/html _v2016-02-22 _3Inhaltstext |
| 856 | 4 | 2 |
_uhttp://www.sehepunkte.de/2017/05/28305.html _mV:DE-576;X:Sehepunkte _qtext/html _v20180419154157 _3Rezension |
| 856 | 4 | 2 |
_uhttps://www.hsozkult.de/publicationreview/id/rezbuecher-22976 _mV:DE-576;X:HSozKult _qtext/html _v20180420095734 _3Rezension |
| 856 | 4 | 2 |
_uhttps://www.vandenhoeck-ruprecht-verlage.com/themen-entdecken/kunst-und-architektur/architektur/50370/gedachte-stadt-gebaute-stadt _qapplication _yInhaltsbeschreibung |
| 936 | r | v | _aZH 9010 |
| 936 | r | v | _aZH 4748 |
| 936 | r | v | _aNR 1800 |
| 936 | r | v | _aZH 9305 |
| 936 | r | v | _aLK 79550 |
| 936 | r | v | _aNQ 5975 |
| 936 | r | v | _aNR 1830 |
| 936 | b | k | _a15.43 |
| 936 | b | k | _a74.12 |
| 936 | b | k | _a74.72 |
| 936 | b | k | _a15.38 |
| 942 |
_2z _cB |
||